Spaans handwoordenboek. (Record no. 189198)

MARC details
000 -LEADER
campo de control de longitud fija 00859nam a2200241 i 4500
001 - NÚMERO DE CONTROL
campo de control 189198
003 - IDENTIFICADOR DE NÚMERO DE CONTROL
campo de control SpMaBN
005 - FECHA Y HORA DE LA ÚLTIMA TRANSACCIÓN
campo de control 20250803063107.0
008 - DATOS DE LONGITUD FIJA--INFORMACIÓN GENERAL
campo de control de longitud fija 190424s1968 ne d |||| | dut d
080 ## - NÚMERO DE LA CLASIFICACIÓN DECIMAL UNIVERSAL
Número de la Clasificación Decimal Universal 803.931-3=60
100 1# - ENTRADA PRINCIPAL--NOMBRE DE PERSONA
Nombre de persona Dam, Cornelius Franz Adolf van,
Fechas asociadas al nombre 1899-1972
9 (RLIN) 42548
245 10 - MENCIÓN DEL TÍTULO
Título Spaans handwoordenboek.
Número de parte o sección de la obra 2 /
Mención de responsabilidad, etc. C.F.A. van Dam.
250 ## - MENCION DE EDICION
Mención de edición 4ª druk.
260 ## - PUBLICACIÓN, DISTRIBUCIÓN, ETC.
Lugar de publicación, distribución, etc. [Amsterdam] :
Nombre del editor, distribuidor, etc. Van Goor Zonen,
Fecha de publicación, distribución, etc. 1968.
300 ## - DESCRIPCIÓN FÍSICA
Extensión 1 v. (VIII, 1224 p.) ;
Dimensiones 23 cm.
490 1# - MENCIÓN DE SERIE
Mención de serie Van Goor's handwoordenboeken
505 8# - NOTA DE CONTENIDO CON FORMATO
Nota de contenido con formato Contiene: Tweede deel ;
Título Nederlands-Spaans
650 #7 - PUNTO DE ACCESO ADICIONAL DE MATERIA--TÉRMINO DE MATERIA
Término de materia o nombre geográfico como elemento de entrada Lengua holandesa-
Subdivisión de forma Diccionarios-
Subdivisión general Español.
9 (RLIN) 163965
830 0# - PUNTO DE ACCESO ADICIONAL DE SERIE-TÍTULO UNIFORME
Título uniforme Van Goor's handwoordenboeken
9 (RLIN) 225789
852 ## - LOCALIZACIÓN
Ubicación ES-MaACL
Número de control de estantería A-14486
itemnumber 196336
Sublocalización o colección R.152046
Ubicación en estantería Depósito 1
Signatura antigua Olim: N-7486
Encuadernación Encuadernación en cartoné.
942 ## - ELEMENTOS DE ENTRADA SECUNDARIOS (KOHA)
Fuente del sistema de clasificación o colocación Clasificación decimal universal
Holdings
Estatus retirado Estado de pérdida Fuente del sistema de clasificación o colocación Estado de daño No para préstamo Biblioteca de origen Biblioteca actual Ubicación en estantería Fecha de adquisición Fuente de adquisición Total de préstamos Signatura topográfica completa Código de barras Visto por última vez Precio de reemplazo Tipo de ítem Koha
    Clasificación decimal universal     Biblioteca del Ateneo de Madrid Biblioteca del Ateneo de Madrid Depósito 1 24/04/2019 Donación   A-14486 1200392 23/02/2023 23/02/2023 Libro impreso